000 01086pam a2200313 a 4500
999 _c618
_d618
001 3050488
003 OSt
005 20210616064621.0
008 960124s1997 maua 001 0 eng
010 _a 96000657
020 _a0673995518
040 _aDLC
_cDLC
_dDLC
050 0 0 _aHF5691
_b.M465 1997
082 0 0 _a650/.01/513
_220
100 1 _aMiller, Charles D.
_q(Charles David),
_d1942-1986.
245 1 0 _aBusiness mathematics /
_cCharles D. Miller, Stanley A. Salzman, Gary Clendenen.
250 _a7th ed.
260 _aReading, Mass. :
_bAddison-Wesley,
_c1997.
300 _axvi, 656 p. :
_bill. (some col.) ;
_c28 cm.
500 _a"Reprinted with corrections"--T.p. verso.
500 _aIncludes index.
650 0 _aBusiness mathematics.
650 0 _aBusiness mathematics
_xProgrammed instruction.
700 1 _aSalzman, Stanley A.
700 1 _aClendenen, Gary.
906 _a7
_bcbc
_corignew
_d1
_eocip
_f19
_gy-gencatlg
942 _2lcc
_cBK
_nDO